Statistics for Zombies 3 "Flesh and Bone" Song Lyrics

Click here to take the quiz!

General Stats

  • This quiz has been taken 36 times
  • The average score is 168 of 356

Answer Stats

Answer% Correct
a
100%
for
83%
Hear
83%
it
83%
louder,
83%
call
78%
getting
78%
the
78%
The
78%
no
74%
No
74%
No,
74%
no,
74%
our
74%
we
74%
We
74%
yeah
74%
Yeah,
74%
revolution
70%
came
65%
do
65%
is
65%
Is
65%
It's
65%
it's
65%
or
65%
to
65%
us
65%
us,
65%
what
65%
and
61%
And
61%
human
61%
never,
61%
never
61%
Oh-oh-oh-oh
61%
ours,
61%
this
61%
This
61%
cannot
57%
hold
57%
nature
57%
take
57%
time
57%
back
52%
bone
52%
down
52%
flesh
52%
generation
52%
go!
52%
restitution
52%
stone
52%
then
52%
was
52%
we'll
52%
We'll
52%
we're
52%
be
48%
more
48%
now
48%
Now
48%
protect
48%
So
48%
than
48%
you
48%
Ayy, ayy, ayy-ayy
43%
bottom,
43%
bottom
43%
declaration
43%
in,
43%
in
43%
new
43%
all
39%
are
39%
blood,
39%
blood
39%
die
39%
me?
39%
me,
39%
own,
39%
world
39%
break,
35%
ground?
35%
howl,
35%
nothing
35%
of
35%
Of
35%
silver,
35%
stop
35%
together
35%
won't
35%
your
35%
at
30%
can't
30%
collide,
30%
Fangs
30%
fight
30%
forgotten,
30%
highs
30%
out
30%
out,
30%
running
30%
stand
30%
tell
30%
wrong
30%
ain't
26%
bad
26%
crazy
26%
lows
26%
thicker
26%
through
26%
When
26%
worlds
26%
blood's
22%
but
22%
see
22%
Stranded
22%
whisper
22%
Gotta
17%
has
17%
hesitation,
17%
History
17%
hope
17%
listen
17%
one
17%
say
17%
seems
17%
step
17%
they
17%
changes,
13%
demolition
13%
Everything
13%
fear?
13%
from
13%
gone
13%
Look
13%
lost
13%
maybes,
13%
mirror
13%
pages
13%
realize
13%
wrote
13%
built
9%
coming
9%
hey,
9%
Let's
9%
reflection
9%
separation,
9%
way,
9%
With
9%
with
9%
became
4%
crowd?
4%
direction,
4%
know
4%
lose
4%
problem
4%
start
4%
taking
4%
choice
0%
control
0%
everything's
0%
make
0%
sides
0%
silence
0%
standing
0%
still
0%
use
0%
voice,
0%

Score Distribution

Percentile by Number Answered

Percent of People with Each Score

Your Score History

You have not taken this quiz